Význam ihlovej biopsie pri diagnostike pľúcnej rakoviny

Bibliographic Details
Main Authors: Bilický, Jozef (Author), Kadlečík, Rudolf, 1948- (Author), Bořuta, Peter, 1950- (Author), Alaxinová, M. (Author)
Format: Article
Language:Slovak
PhysicalDescription:Obr. 10, tab. 6, res. angl., slov., lit. 4 zázn. v angl.
ISSN:1335-0625
Subjects:

MARC

LEADER 00000nab a2200000 a 4500
001 vtls000546982
003 SK-MaSNL
005 20260526133805.0
008 250425c1994 xo 0 slo
015 |a SNBRB19rr/mm-uuuuu 
035 |a CL0547120 
035 |a urn:nbn:sk:snk-ab6wey 
035 |a (uuid)43e92e5f-e8b1-428c-9277-cf694694bb20 
035 |a (urnnbn)urn:nbn:sk:snk:ar-a062iu 
035 |a (sysno)vtls000546982 
040 |a SNKBUCL  |b slo  |c SNKBUCL  |e AACR2 
041 0 |a slo 
044 |a xo  |c SK 
080 |a 616.24-006.6-076  |2 1981 
245 0 0 |a Význam ihlovej biopsie pri diagnostike pľúcnej rakoviny  |c Jozef Bilický ... [et al.] 
300 |b Obr. 10, tab. 6, res. angl., slov., lit. 4 zázn. v angl. 
650 0 7 |a bronchogénny karcinóm  |2 snkbucl  |9 76111 
650 0 7 |a biopsia ihlová  |2 snkbucl  |9 1238678 
655 7 |a články z novín a časopisov  |2 snkbucl  |9 267496 
700 1 |a Bilický, Jozef  |4 aut  |9 7921 
700 1 |a Kadlečík, Rudolf,  |d 1948-  |4 aut  |9 243169 
700 1 |a Bořuta, Peter,  |d 1950-  |4 aut  |9 1637348 
700 1 |a Alaxinová, M.  |4 aut  |9 1382721 
773 0 |t Slovenská rádiológia  |g Roč. 1, č. 2 (1994), s. 82-86  |x 1335-0625 
850 |a Slovenská národná knižnica 
852 |a Slovenská národná knižnica 
954 |a odborná, vedecká literatúra pôvodná (slovenská)  |2 lita 
958 |a article27 
958 |a RK 
958 |a MI 
958 |a OND 
958 |a EUIPO 
992 |a RBX 
999 |c 2813528  |d 2815458